000
00312nam a22001097a 4500
999
_c
4112
_d
4112
008
250121b ||||| |||| 00| 0 eng d
020
_a
9781780555751
082
_a
523 ADE
100
_a
DR MAGGIE ADERIN
_e
ADERIN,DR MAGGIE
245
_a
GRAND TOUR OF THE SOLAR SYSTEM
942
_2
ddc
_h
523 ADE